Villes de Seine Saint Denis en images - Statistiques

Statistiques générales
  • Ce quiz a été pris 132 fois
  • Le résultat moyen est 11 sur 18
Statistiques - réponses
Par images Hint Réponse % Correct
B Bobigny
90%
S Saint Denis
90%
B Bondy
87%
(L) B Le Bourget | Dugny
78%
N Noisy le Grand
78%
A Aubervilliers
70%
M Montreuil
70%
P Pantin
59%
T Tremblay en France
54%
G Gagny
52%
(L) B Le Blanc Mesnil
51%
S Sevran
45%
N Neuilly sur Marne
43%
S Stains | La Courneuve
43%
V Villemomble
38%
M Montfermeil
37%
L Livry - Gargan
34%
S Saint Ouen
34%
Aucun quiz correspondant
Distribution des résultats
% des personnes avec chaque résultat
Percentile par nombre de réponses
Votre historique - résultats
Vous n’avez pas pris ce quiz